| 000 | 00911nam a2200229Ia 4500 | ||
|---|---|---|---|
| 003 | GCL | ||
| 008 | 140319s9999 xx 000 0 ara d | ||
| 040 |
_aGCL / _cGCL |
||
| 082 | 0 | 4 |
_a258 _bم ع |
| 100 | 1 | _aاحمد عبدالرحيم السايح | |
| 245 | 1 | 0 |
_aعلى دروب التقريب بين المذاهب الاسلامية: وقائع ندوة كلية الشريعة والدراسات الاسلامية ( جامعة قطر ) / _cاحمد عبدالرحيم السايح |
| 700 | 1 | _aمحمد الدسوقى | |
| 700 | 1 | _aعائشة يوسف المناعى | |
| 700 | 1 | _aيوسف محمود محمد | |
| 300 | _a156 ص | ||
| 490 |
_aالهيئة العامة للاستعلامات _v0 |
||
| 650 | 0 | 4 | _aالاسلام |
| 650 | 0 | 4 | _aالفقه الاسلامى |
| 650 | 0 | 4 | _aالمذاهب الفقهية |
| 650 | 0 | 4 | _aالمذاهب الفقهية الاسلامية |
| 942 |
_2ddc _cBK |
||
| 999 |
_c49205 _d49205 |
||